000 01507nam a2200289 a 4500
001 000008963
003 OSt
005 20260305073950.0
008 090824s1983 dr 000 0 spa d
040 _aDO-SdBNP
_bspa
_cBNPHU
082 4 _a362.1097293
_bE36m
_222
245 1 3 _aEl ejercicio de la medicina en la República Dominicana /
_ceditor Frank Moya Pons.
260 _aSanto Domingo :
_bFORUM,
_c1983.
300 _a92 p. ;
_c22 cm.
490 _aFORUM
_v10
500 _aExposiciones presentadas en el Encuentro sobre el Ejercicio de la Medicina en la República Dominicana, celebrado por FORUM el miércoles 20 de abril de 1983, en el Hotel Santo Domingo Sur.
505 0 _aPresentación --
_tIntrodución --
_tEl presente y el futuro del ejercicio de la medicina en la República Dominicana /
_rAmiro Pérez Mera --
_tDebate --
_tLa posición del consumidor de los servicios de salud en la República Dominicana /
_rLuis González Fabra --
_tDebate --
_tCalidad, eficiencia y costo de los servicios médicos en la República Dominicana /
_rArmando J. Armenteros --
_tDebate.
590 _aInventariado, 2018/ YL
650 4 _aServicios de salud
_zRepública Dominicana
_920952
650 4 _aAtención médica
_zRepública Dominicana
_923562
650 4 _aPráctica médica
_zRepública Dominicana
_923563
650 4 _aSatisfacción del paciente
_923564
700 1 _aMoya Pons, Frank,
_d1944-
_eed.
_92095
830 _aFORUM
_v10
_97431
910 _aValidado. Control de calidad EMS
942 _2ddc
_cLBS1
999 _c8727
_d8727